Quiz sull'Isola di Natale - Statistics

Statistiche generali
  • Questo quiz è stato fatto 6 volte
  • Il punteggio medio è 11 su 26
Statistiche sulle risposte
Definizione Risposta % Corretto
Oceano in cui è situata Oceano Indiano
100%
Numero di università sull'Isola di Natale 0
80%
L'Isola di Natale è una dipendenza di questo Stato Australia
80%
Cattolicesimo
80%
L'Isola di Natale fu invasa nel 1941 da questo Stato Giappone
80%
Lingua Ufficiale Inglese
80%
Le due religioni maggiormente professate e il ramo del Cristianesimo più praticato Islam
80%
Buddismo
60%
Il 21,2% della popolazione ha discendenti di questo Stato Cina
60%
Altre lingue parlate Cinese Mandarino
60%
Moneta Dollaro Australiano
60%
Stato a nord Indonesia
60%
Capo di Stato Carlo III
40%
I due sport principali dell'isola Cricket
40%
Costellazione raffigurata sulla bandiera Croce del Sud
40%
La cultura locale è molto simile a quella di questo Stato (un piccolo Stato vicino all'Isola di Natale) Singapore
40%
L'annuale migrazione riproduttiva di questi crostacei attira molti turisti Granchi rossi
20%
L'Isola di Natale è anche un centro di detenzione di _____________ Rifugiati e immigrati
20%
Rugby
20%
Il suo isolamento geografico ha portato ad un alto livello di ____________ Endemismo
0%
Uccello nativo presente sullo stemma Fetonte codabianca
0%
Capitale Flying Fish Cove
0%
Attività principale dell'isolaEstrazione di __________ (al plurale) Fosfati
0%
Malese
0%
Primo europeo ad avvistare l'isola Richard Rowe
0%
Nel 1922 gli scienziati tentarono senza successo di assistere a un'eclissi solare per testare questa famosissima teoria Teoria della relatività
0%
Nessun quiz corrispondente trovato
Distribuzione punteggi
Percentuale di utenti per punteggio
Percentile per numero di risposta
I tuoi punteggi nel tempo
Non hai fatto questo quiz